Ceny a oceňovanie ako predpoklad pravdivého a verného zobrazenia v účtovníctve bakalárska práca

Saved in:
Bibliographic Details
Main Author: Vanerková, Zuzana
Corporate Author: Fakulta hospodárskej informatiky EU. Katedra účtovníctva a audítorstva
Other Authors: Haľama, Juraj
Format: Book
Language:Slovak
Published: Bratislava 2010
Tags: Add Tag
No Tags, Be the first to tag this record!

MARC

LEADER 00000nbm a2200000 4500
001 0138636
005 20161109111555.8
041 0 |a slo 
044 |a SK 
245 1 0 |a Ceny a oceňovanie ako predpoklad pravdivého a verného zobrazenia v účtovníctve  |b bakalárska práca  |c Zuzana Vanerková ; školiteľ: Juraj Haľama 
264 1 |a Bratislava  |c 2010 
300 |a 37 s. 
100 1 |a Vanerková, Zuzana 
700 1 |a Haľama, Juraj 
710 2 |a Fakulta hospodárskej informatiky EU. Katedra účtovníctva a audítorstva